00335nam a2200121Ia 45000010005000000080041000050820017000461000035000632450047000982600027001459010026001729990015001982211241024s9999 xx 000 0 und d aRD/378/C348i aJusto Pedro Castellanos Khouri 0aInforme de la Gestión Rectoral 2007-2012 bUniversidad APECc2012 a2/4/2012 3:44:20 p.m. c8333d8333